000 00312nam a22001337a 4500
008 170220b xxu||||| |||| 00| 0 eng d
020 _a9780895828835
041 _aeng
080 _a615
100 _a5
101 _aSHF
245 _aMEDICATION WORKBOOK FOR PHARMACY TECHNICIANS
_cBRIGHT, D.R
942 _2udc
_cBK
999 _c5769
_d5769